Which Witch - Florence + The Machine - All Lyrics - Statistics

General Stats
  • This quiz has been taken 79 times
  • The average score is 280 of 357
Answer Stats
Answer % Correct
I
100%
my
100%
oh
100%
Ooh,
100%
ooh,
100%
ooh
100%
a
96%
it
96%
it's
96%
It’s
96%
an
93%
I’m
93%
I'm
93%
the
93%
to
93%
And
89%
and
89%
beat
89%
can
89%
Can
89%
heart,
89%
in
89%
on
89%
all
86%
comes
86%
me
86%
not
86%
now?
86%
we
86%
Who's
86%
Who’s
86%
you
86%
You
86%
of
82%
'til
82%
but
79%
heretic
79%
heretic,
79%
out
79%
waiting
79%
Waiting
79%
Been
75%
by
75%
Fire,
75%
getting
75%
make
75%
old
75%
this
75%
tired
75%
trying
75%
Am
71%
child?
71%
help
71%
mind
71%
stick?
71%
stick,
71%
time
71%
trial,
71%
way
71%
whole
71%
buried
68%
can't
68%
forget
68%
he's
68%
scar,
68%
away,
64%
crawling
64%
Crawling
64%
dark
64%
day
64%
had
64%
met
64%
obvious
64%
reach
64%
regret
64%
sense?
64%
since
64%
tell
64%
burned
61%
I’ve
61%
making
61%
measured
61%
yet
61%
delivered
57%
enough,
57%
How
57%
miles
57%
inside
54%
Never
54%
never
54%
pity,
54%
learn
50%
beaten
46%
Chained
46%
mine
46%
return,
46%
tested,
46%
bleach
43%
crime
43%
Say
43%
shackled,
43%
weighed
43%
won't
43%
deemed
39%
tried
39%
unravel,
39%
I'll
29%
while
11%
No matching quizzes found
Score Distribution
Percent of People with Each Score
Percentile by Number Answered
Your Score History
You have not taken this quiz